000 00510nam a22001817a 4500
003 OSt
005 20140310181753.0
008 130628t xxu||||| |||| 00| 0 eng d
020 _a9710367668
050 _aPL 6165.4
_b.D331 2007
082 _aFIL 899.211
_bD37 2007
100 _aDel Rosario, Carol Ann
245 _aLagim /
_cCarol Ann Del Rosario.
260 _aQuezon City, Philippines :
_bSmartbooks Publishing,
_c2007.
300 _a111 p. :
_bill. ;
_c22 cm.
942 _2lcc
_cBK
999 _c3337
_d3337